000 01177nam a2200169 i 4500
001 143942
003 ES-MaACL
005 20230906200918.0
007 t|
008 070214m1966 ag r ||||1| spa d
100 1 _aShaw, Bernard.
_9106025
245 1 0 _aTeatro completo /
_cBernard Shaw.
260 _aBuenos Aires :
_bEd. Sudamericana,
_c1966- (
_eBarcelona :
_fEmegé)
300 _a1 v. ;
_c22 cm.
500 _aContiene: I . Comedias desagradables . Prefacio : principalmente acerca de mí mismo ; Casas de viudos ; El mariposón ; La profesión de la señora Warren -- Comedias agradables . Prefacio ; Héroes y hombres, una comedia antirromántica ; Cándida : un misterio ; El hombre del destino : un capítulo de historia ficticia ; Nunca puede saberse -- Tres comedias para puritanos . Prefacio ; El discípulo del diablo : un melodrama ; César y Cleopatra : una historia ; La conversión del capitán Brassbound : una aventura -- Hombre y superhombre . Epístola dedicatoria ; Hombre y superhombre : una comedia y una filosofía ; La otra isla de John Bull ; Así le mintió él al marido de ella ; La comandante Bárbara.
852 _aES-MaACL
_jP-1161
_bR.62275
999 _c143942
_d143942